Statistics for Largest European Canadian Ethnic Groups

Click here to take the quiz!

General Stats

  • This quiz has been taken 49 times
  • The average score is 25 of 30

Answer Stats

# of ResidentsAnswer% Correct
4,670,595French
100%
3,322,405German
100%
4,627,000Irish
100%
1,587,970Italian
100%
6,320,085English
98%
271,405Greek
95%
1,106,585Polish
95%
622,445Russian
95%
396,460Spanish
95%
349,640Swedish
95%
143,645Finnish
93%
4,799,010Scottish
93%
1,359,655Ukrainian
93%
207,470Danish
91%
238,050Romanian
91%
463,275Norwegian
88%
482,610Portuguese
88%
1,111,655Dutch
86%
104,585Czech
84%
96,535Serbian
84%
474,805Welsh
84%
348,085Hungarian
81%
72,290Slovak
79%
207,050Austrian
74%
133,965Croatian
72%
186,665Belgian
70%
155,120Swiss
70%
101,795Icelandic
60%
644,695British Isles
30%
67,895European
5%

Score Distribution

Percentile by Number Answered

Percent of People with Each Score

Your Score History

You have not taken this quiz